Philippine radical papers in the University of the Philippines Diliman Main Library : (Record no. 2737)
[ view plain ]
| 000 -LEADER | |
|---|---|
| fixed length control field | 00870nam a2200181 4500 |
| 008 - FIXED-LENGTH DATA ELEMENTS--GENERAL INFORMATION | |
| fixed length control field | 010813s1998 ph engQU |
| 020 ## - INTERNATIONAL STANDARD BOOK NUMBER | |
| International Standard Book Number | 9715422128 |
| 090 ## - LOCALLY ASSIGNED LC-TYPE CALL NUMBER (OCLC); LOCAL CALL NUMBER (OCLC) | |
| Classification number (OCLC) (R) ; Classification number, CALL (RLIN) (NR) | Z7164 |
| Local cutter number (OCLC) ; Book number/undivided call number, CALL (RLIN) | .R54 |
| -- | P53f |
| 100 1# - MAIN ENTRY--PERSONAL NAME | |
| Personal name | University of the Philippines. Main Library. Filipiniana Special Collections Project Staff |
| 245 10 - TITLE STATEMENT | |
| Title | Philippine radical papers in the University of the Philippines Diliman Main Library : |
| Remainder of title | a subject guide / |
| Statement of responsibility, etc | University of the Philippines. Main Library. Filipiniana Special Collections Project Staff. |
| 260 ## - PUBLICATION, DISTRIBUTION, ETC. (IMPRINT) | |
| Place of publication, distribution, etc | Quezon City : |
| Name of publisher, distributor, etc | U.P. Press, |
| Date of publication, distribution, etc | c1998. |
| 300 ## - PHYSICAL DESCRIPTION | |
| Extent | xv, 384 p. |
| 650 #4 - SUBJECT ADDED ENTRY--TOPICAL TERM | |
| Topical term or geographic name as entry element | University of the Philippines (Main Library) |
| General subdivision | Bibliography. |
| 651 #4 - SUBJECT ADDED ENTRY--GEOGRAPHIC NAME | |
| Geographic name | Radicals |
| Geographic subdivision | Philippines |
| General subdivision | Bibliography. |
| 651 #4 - SUBJECT ADDED ENTRY--GEOGRAPHIC NAME | |
| Geographic name | Subversive documents |
| Geographic subdivision | Philippines |
| General subdivision | Bibliography. |
| 951 ## - EQUIVALENCE OR CROSS-REFERENCE-GEOGRAPHIC NAME/AREA NAME [OBSOLETE] [CAN/MARC only] | |
| General subdivision | 00014611 |
| 951 ## - EQUIVALENCE OR CROSS-REFERENCE-GEOGRAPHIC NAME/AREA NAME [OBSOLETE] [CAN/MARC only] | |
| -- | 23824 |
| -- | Z7164/.R54/P53f |
| -- | 070613110942765 |
| -- | 2000-12-21 |
| -- | FIL |
| Withdrawn status | Lost status | Damaged status | Not for loan | Home library | Current library | Shelving location | Date acquired | Accession number | Shelving control number | Total Checkouts | Full call number | Barcode | Date last seen | Price effective from | Koha item type |
|---|---|---|---|---|---|---|---|---|---|---|---|---|---|---|---|
| BSOP Library | BSOP Library | Filipiniana | 12/21/2000 | 23824 | 127 | Z7164/.R54/P53f | 00014611 | 02/23/2013 | 02/23/2013 | Books |
